000 00352nam a22001577a 4500
020 _a978-81-265-2381-8
041 _aENG
100 _aTerzaghti.K
245 _aSoil Mechanics In engineering Practice
250 _aThird Ed
260 _aIndia
_bWiley
_c2010
300 _a549
650 _aSWCE
700 _aPeck.R.B
856 _uSWCE ( 43 )
999 _c1935
_d1935